|
|
|
|
| LEADER |
00766cam a2200229 7i4500 |
| 001 |
0000051927 |
| 005 |
20231204090000.0 |
| 020 |
|
|
|a 9781259700934 (pbk.)
|
| 020 |
|
|
|a 1259700933 (pbk.)
|
| 090 |
0 |
0 |
|a QH431
|b .L47 2018
|
| 100 |
1 |
|
|a Lewis, Ricki
|
| 245 |
1 |
0 |
|a Human genetics :
|b concepts and applications
|c Ricki Lewis.
|
| 250 |
|
|
|a 12th ed.
|
| 260 |
|
|
|a New York, NY:
|b McGraw-Hill Education,
|c 2018.
|
| 300 |
|
|
|a xviii, 434 p.:
|b col. ill.;
|c 28 cm.
|
| 650 |
0 |
0 |
|a Human genetics
|
| 655 |
|
0 |
|a Electronic books
|
| 856 |
4 |
2 |
|u http://library.unisel.edu.my/web/guest/mylibrary
|
| 997 |
|
|
|a Health Sciences, Faculty
|
| 998 |
|
|
|a Nursing, Diploma
|
| 999 |
|
|
|a 0000063786
|b BOK
|c OPEN SHELF
|e 1st Floor, Shah Alam
|
| 999 |
|
|
|a EBO0002191
|b EBOOK
|c EBOOK
|e Electronic resources
|